[Event "TUR-ch U07/12 Girls"]
[Site "Antalya"]
[Date "2023.01.28"]
[Round "9"]
[White "Kazik, Zeynep Azra"]
[Black "Bogday, Gunes"]
[Result "1-0"]
[WhiteElo "1098"]
[BlackElo "1134"]
[PlyCount "75"]
[EventDate "2023.01.17"]
[EventType "swiss"]
[EventRounds "9"]
[EventCountry "TUR"]
[SourceTitle "EXT 2024"]
[Source "ChessBase"]
[SourceDate "2023.10.10"]
[SourceVersion "1"]
[SourceVersionDate "2023.10.10"]
[SourceQuality "1"]

1. c4 e5 2. Nc3 Nf6 3. Nf3 Nc6 4. e4 Be7 5. d3 0-0 6. g3 d6 7. Bg2 Bg4 8. h3 Bh5 9. g4 Bg6 10. Nh4 Nxe4 11. Nxg6 Nxf2 12. Nxe7+ Qxe7 13. Kxf2 Qh4+ 14. Kg1 f5 15. Be3 Nd4 16. Qe1 Qf6 17. Nd5 Qf7 18. Qf2 f4 19. Bxd4 exd4 20. Nb6 f3 21. Nxa8 fxg2 22. Qxf7+ Rxf7 23. Kxg2 c6 24. Rhf1 Rd7 25. Rae1 Rd8 26. Nc7 h6 27. h4 c5 28. g5 Kh7 29. Re7 b6 30. Rff7 Rg8 31. Nd5 hxg5 32. Nf6+ Kh8 33. Nxg8 Kxg8 34. Rxg7+ Kh8 35. Rxa7 gxh4 36. Rgb7 h3+ 37. Kxh3 d5 38. Rb8# 1-0